Textbook of Communicative English for Undergraduate and Diploma Nursing Students (Record no. 159546)

MARC details
000 -LEADER
fixed length control field 00464nam a2200145Ia 4500
008 - FIXED-LENGTH DATA ELEMENTS--GENERAL INFORMATION
fixed length control field 230519s9999 xx 000 0 und d
020 ## - INTERNATIONAL STANDARD BOOK NUMBER
International Standard Book Number 978-81-947276-2-0
041 ## - LANGUAGE CODE
Language code of text/sound track or separate title eng
082 ## - DEWEY DECIMAL CLASSIFICATION NUMBER
Classification number EN/420/SHA/DB0962
100 ## - MAIN ENTRY--PERSONAL NAME
Personal name Sharma Shivani & Sood Sarika
9 (RLIN) 180570
245 ## - TITLE STATEMENT
Title Textbook of Communicative English for Undergraduate and Diploma Nursing Students
260 ## - PUBLICATION, DISTRIBUTION, ETC. (IMPRINT)
Name of publisher, distributor, etc. Vision Health Sciences Publishers
Place of publication, distribution, etc. Panjab
Date of publication, distribution, etc. 2021
300 ## - PHYSICAL DESCRIPTION
Extent 207p
Holdings
Withdrawn status Lost status Damaged status Not for loan Collection code Home library Current library Date acquired Cost, normal purchase price Bill number Total Checkouts Full call number Barcode Date last seen Date last checked out Bill Date Koha item type Original Barcode
          Smt. Bakul Tambat Institute of Nursing Education Smt. Bakul Tambat Institute of Nursing Education 16/04/2022 395.00 55 1 EN 420 SHA DB0962 BTIN-DB-962 21/06/2023 14/06/2023 16/04/2022 Donated Book DB0962
          Smt. Bakul Tambat Institute of Nursing Education Smt. Bakul Tambat Institute of Nursing Education 30/11/2022 395.00 55 1 EN 420 SHA DB1065 BTIN-DB-1065 02/01/2024 30/12/2023 16/04/2022 Donated Book DB1065